Normal view MARC view

Entry Topical Term

Number of records used in: 1

001 - CONTROL NUMBER

  • control field: 35416

003 - CONTROL NUMBER IDENTIFIER

  • control field: OSt

005 - DATE AND TIME OF LATEST TRANSACTION

  • control field: 20230213121939.0

008 - FIXED-LENGTH DATA ELEMENTS

  • fixed length control field: 230213|| aca||aabn | a|a d

040 ## - CATALOGING SOURCE

  • Original cataloging agency: OSt
  • Transcribing agency: OSt

150 ## - HEADING--TOPICAL TERM

  • Topical term or geographic name entry element: Indo-pacific, SOFA, Small states, Criminal jurisdiction, Rape.

670 ## - SOURCE DATA FOUND

  • Source citation: Work cat.: (OSt): Fernando, Hiruni Nathasha 35415, Impact of the status of forces agreements on host states in the indo-pacific: How will Sri Lanka tame the dragon and uncle SAM?

Powered by Koha